Personnages de Cendrillon en images - Disney - Statistiques

Statistiques générales
  • Ce quiz a été pris 54 fois
  • Le résultat moyen est 7 sur 12
Statistiques - réponses
Par images Réponse % Correct
Cendrillon
100%
Javotte
90%
Gus
79%
Anastasie
77%
Lucifer
73%
Lady Trémaine
58%
Jaq
48%
Fée marraine
40%
Prince Henri
40%
Le roi
38%
Pataud
31%
Grand-Duc
21%
Aucun quiz correspondant
Distribution des résultats
% des personnes avec chaque résultat
Percentile par nombre de réponses
Votre historique - résultats
Vous n’avez pas pris ce quiz